MARC

LEADER 00000nam0a2200000 4500
001 292127
005 20231102000449.0
035 |a (RuTPU)RU\TPU\book\316740 
090 |a 292127 
100 |a 20150420d1983 k y0rusy5003 ca 
101 0 |a rus 
102 |a RU 
105 |a a z 001zy 
200 1 |a Структура и свойства сегнетоэлектриков  |e сборник научных трудов (межвузовский)  |f Латвийский государственный университет им. Петра Стучки ; Научно-исследовательский институт физики твердого тела 
210 |a Рига  |c Изд-во ЛатГУ  |d 1983 
215 |a 180 с.  |c граф.  |d 20 см 
320 |a Библиография в конце статей 
606 1 |a Сегнетоэлектрики  |2 stltpush  |3 (RuTPU)RU\TPU\subj\54329  |9 72486 
610 1 |a твердые растворы 
610 1 |a сверхпроводимость 
610 1 |a висмутсодержащие сегнетоэлектрические соединения 
610 1 |a кристаллы 
610 1 |a восстановление 
610 1 |a фотоэлектрические свойства 
610 1 |a перовскиты 
610 1 |a фазовые переходы 
610 1 |a критические явления 
610 1 |a прозрачные сегнетокерамики 
675 |a 537.226.4  |z rus  |v 4 
712 0 2 |a Латвийский государственный университет им. Петра Стучки  |2 stltpush  |3 (RuTPU)RU\TPU\col\7102  |9 24292 
712 0 2 |a Научно-исследовательский институт физики твердого тела  |2 stltpush  |3 (RuTPU)RU\TPU\col\12039  |9 25329 
801 0 |a RU  |b RuMRKP  |c 19950704  |g psbo 
801 1 |a RU  |b 63413507  |c 20150420 
801 2 |a RU  |b 63413507  |c 20181218  |g RCR 
942 |c BK